<?xml version="1.0" encoding="UTF-8"?>
<collection xmlns="http://www.loc.gov/MARC21/slim">
<record>
  <controlfield tag="001">120876</controlfield>
  <controlfield tag="005">20221220103629.0</controlfield>
  <datafield tag="037" ind1=" " ind2=" ">
    <subfield code="a">TAZ-TFG-2022-1354</subfield>
  </datafield>
  <datafield tag="041" ind1=" " ind2=" ">
    <subfield code="a">spa</subfield>
  </datafield>
  <datafield tag="100" ind1="1" ind2=" ">
    <subfield code="a">Sánchez Suárez, Alberto</subfield>
  </datafield>
  <datafield tag="242" ind1="0" ind2="0">
    <subfield code="a">Sectorial Indexes construction for the IBEX 35 in the aftermath of a global pandemic. ARCH modeling and volatility analysis.</subfield>
  </datafield>
  <datafield tag="245" ind1="0" ind2="0">
    <subfield code="a">Elaboración de índices sectoriales en el IBEX 35 post pandémico. Análisis mediante modelos ARCH.</subfield>
  </datafield>
  <datafield tag="260" ind1=" " ind2=" ">
    <subfield code="a">Zaragoza</subfield>
    <subfield code="b">Universidad de Zaragoza</subfield>
    <subfield code="c">2022</subfield>
  </datafield>
  <datafield tag="500" ind1=" " ind2=" ">
    <subfield code="a">Resumen disponible también en inglés.</subfield>
  </datafield>
  <datafield tag="506" ind1=" " ind2=" ">
    <subfield code="a">by-nc-sa</subfield>
    <subfield code="b">Creative Commons</subfield>
    <subfield code="c">3.0</subfield>
    <subfield code="u">http://creativecommons.org/licenses/by-nc-sa/3.0/</subfield>
  </datafield>
  <datafield tag="520" ind1=" " ind2=" ">
    <subfield code="a">El diseño de una estrategia efectiva de inversión es un problema al que se enfrentan muchas personas a lo largo de su vida. El objetivo del presente trabajo es crear una metodología sencilla que asista en la toma de decisiones racionales, partiendo únicamente de la información histórica de las empresas del IBEX 35, y poner a prueba su eficacia para la situación existente desde el comienzo de la pandemia COVID-19. En concreto, se busca predecir los rendimientos, a un mes vista, de los diferentes sectores que forman parte de la bolsa española, a fin de determinar que sectores se van a comportan de manera más o menos agresiva, para poder trazar un plan de inversión en base a los resultados. Para ello, se han agrupado las empresas del IBEX en seis sectores y construido un índice bursátil para cada uno de ellos basado en las cotizaciones de dichas empresas. Posteriormente, se han buscado los modelos econométricos ARCH/GARCH que mejor se ajustan a los datos obtenidos y realizado y comentado las predicciones. Finalmente, se han explorado los límites de esta metodología y el marco teórico en el que se encuentra. En las conclusiones puede encontrarse una reflexión sobre la utilidad del trabajo realizado y la situación óptima para su empleo.&lt;br />&lt;br /></subfield>
  </datafield>
  <datafield tag="521" ind1=" " ind2=" ">
    <subfield code="a">Graduado en Finanzas y Contabilidad</subfield>
  </datafield>
  <datafield tag="540" ind1=" " ind2=" ">
    <subfield code="a">Derechos regulados por licencia Creative Commons</subfield>
  </datafield>
  <datafield tag="700" ind1=" " ind2=" ">
    <subfield code="a">Escobar Urmeneta, María Teresa</subfield>
    <subfield code="e">dir.</subfield>
  </datafield>
  <datafield tag="710" ind1="2" ind2=" ">
    <subfield code="a">Universidad de Zaragoza</subfield>
    <subfield code="b">Economía aplicada</subfield>
    <subfield code="c"></subfield>
  </datafield>
  <datafield tag="856" ind1="0" ind2=" ">
    <subfield code="f">719707@unizar.es</subfield>
  </datafield>
  <datafield tag="856" ind1="4" ind2=" ">
    <subfield code="s">706213</subfield>
    <subfield code="u">http://zaguan.unizar.es/record/120876/files/TAZ-TFG-2022-1354_ANE.pdf</subfield>
    <subfield code="y">Anexos (spa)</subfield>
  </datafield>
  <datafield tag="856" ind1="4" ind2=" ">
    <subfield code="s">912997</subfield>
    <subfield code="u">http://zaguan.unizar.es/record/120876/files/TAZ-TFG-2022-1354.pdf</subfield>
    <subfield code="y">Memoria (spa)</subfield>
  </datafield>
  <datafield tag="909" ind1="C" ind2="O">
    <subfield code="o">oai:zaguan.unizar.es:120876</subfield>
    <subfield code="p">driver</subfield>
    <subfield code="p">trabajos-fin-grado</subfield>
  </datafield>
  <datafield tag="950" ind1=" " ind2=" ">
    <subfield code="a"></subfield>
  </datafield>
  <datafield tag="980" ind1=" " ind2=" ">
    <subfield code="a">TAZ</subfield>
    <subfield code="b">TFG</subfield>
    <subfield code="c">ECON</subfield>
  </datafield>
  <datafield tag="999" ind1=" " ind2=" ">
    <subfield code="a">20220614173141.CREATION_DATE</subfield>
  </datafield>
  <datafield tag="951" ind1=" " ind2=" ">
    <subfield code="a">deposita:2022-12-20</subfield>
  </datafield>
</record>
</collection>